LEADER 01469nam 2200349 n 450 001 996391594503316 005 20221108091916.0 035 $a(CKB)1000000000661938 035 $a(EEBO)2240936611 035 $a(UnM)99849715 035 $a(EXLCZ)991000000000661938 100 $a19920210d1606 uy | 101 0 $aeng 135 $aurbn||||a|bb| 200 12$aA manuel of the Bibles doctrine for law and Gospell, letter and spirit, signe and thing signified$b[electronic resource] $ereduced to the first chapter of Leuiticus: Wherewith (occasionally) be plainely considered, and briefelie concluded, the most mayne questions wherewith the christian churches be combied. By H.C 210 $aAt London $cPrinted by R. B[radock] for Nathaniell Butter, and are to be sold at his shop neere saint Austens gate$d1606 215 $a[24], 259, [5] p 300 $aDedication signed: Henoch Claphamus. 300 $aPrinter's full name from STC. 300 $aIncludes errata leaf. 300 $aImperfect; print faded and show-through. 300 $aReproduction of the original in the Cambridge University Library. 330 $aeebo-0021 700 $aClapham$b Henoch$01002046 801 0$bCu-RivES 801 1$bCu-RivES 801 2$bCStRLIN 801 2$bWaOLN 906 $aBOOK 912 $a996391594503316 996 $aA manuel of the Bibles doctrine for law and Gospell, letter and spirit, signe and thing signified$92321925 997 $aUNISA LEADER 01480nam a2200361 i 4500 001 991001850369707536 008 121011s2010 riua b 100 0 eng d 020 $a9780821847329 035 $ab14080680-39ule_inst 040 $aDip.to Matematica e Fisica$beng 082 00$a515$222 084 $aAMS 14H15 084 $aAMS 20H10 084 $aAMS 28A75 084 $aAMS 30F40 084 $aAMS 30C62 084 $aLC QA331.A462 111 2 $aAhlfors-Bers Colloquium$n<5th :$d2008 :$cRutgers University>$0477594 245 10$aIn the tradition of Ahlfors-Bers,$nV :$bthe triennial Ahlfors-Bers Colloquium, May 8-11, 2008, Rutgers University, Newark, New Jersey /$cMario Bonk ... [et al.], editors 260 $aProvidence, R. I. :$bAmerican Mathematical Society,$cc2010 300 $axi, 329 p. :$bill. ;$c26 cm 440 0$aContemporary mathematics,$x0271-4132 ;$v510 504 $aIncludes bibliographical references 650 0$aFunctions$vCongresses 650 0$aRiemann surfaces$vCongresses 650 0$aMappings (Mathematics)$vCongresses 700 1 $aBonk, Mario$eauthor$4http://id.loc.gov/vocabulary/relators/aut$066261 907 $a.b14080680$b13-11-12$c11-10-12 912 $a991001850369707536 945 $aLE013 14H BON11 (2010)$g1$i2013000216775$lle013$op$pE98.00$q-$rl$s- $t0$u0$v0$w0$x0$y.i15454794$z08-11-12 996 $aIn the tradition of Ahlfors-Bers$91442547 997 $aUNISALENTO 998 $ale013$b11-10-12$cm$da $e-$feng$griu$h0$i0 LEADER 03824 am 22005773u 450 001 996217041403316 005 20230621140349.0 010 $a1-920942-63-7 035 $a(CKB)3170000000065445 035 $a(SSID)ssj0000672006 035 $a(PQKBManifestationID)12256788 035 $a(PQKBTitleCode)TC0000672006 035 $a(PQKBWorkID)10624657 035 $a(PQKB)10467318 035 $a(MiAaPQ)EBC4866679 035 $a(WaSeSS)Ind00074332 035 $a(EXLCZ)993170000000065445 100 $a20170623h20062006 uy 0 101 0 $aeng 135 $aurcn#nnn||||| 181 $ctxt$2rdacontent 182 $cc$2rdamedia 183 $acr$2rdacarrier 200 10$aNature, nurture and chance $ethe lives of Frank and Charles Fenner /$fFrank Fenner 210 1$aCanberra ACT :$cANU E Press,$d[2006]. 210 4$d©2006 215 $a1 online resource (xvii, 356 pages) $cillustrations, maps, portraits; digital file(s) 311 08$aPrint version: 1920942629 320 $aIncludes bibliographical references and index. 327 $aPart I. The Life of Frank Fenner -- Introduction -- Chapter 1. Childhood, 1914 to 1932 -- Chapter 2. The University Years, 1933 to 1940 -- Chapter 3. The War Years, May 1940 to February 1946 -- Chapter 4. Walter and Eliza Hall Institute, 1946 to 1948; Rockefeller Institute, 1948 to 1949 -- Chapter 5. Professor of Microbiology, John Curtin School of Medical Research, 1949 to 1967: Administrative and Domestic Arrangements -- Chapter 6. Professor of Microbiology, John Curtin School of Medical Research, 1949 to 1967: Research -- Chapter 7. Director of the John Curtin School of Medical Research, 1967 to 1973 -- Chapter 8. Activities Associated with the Australian Academy of Science -- Chapter 9. Director of the Centre for Resource and Environmental Studies, 1973 to 1979 -- Chapter 10. Smallpox and its Eradication, 1969 to 1980 -- 327 $aChapter 11. Visiting Fellow, John Curtin School of Medical Research, From 1980 -- Part II. The Life of Charles Fenner -- Chapter 12. The Fenner Lineage -- Chapter 13. Childhood, University, Marriage and Family -- Chapter 14. Charles Fenner, the Educational Administrator -- Chapter 15. Overseas Trips, Diary Extracts on Education -- Chapter 16. The Scientist and Science Communicator -- Chapter 17. Overseas Trips, Diary, Extracts on Science -- Chapter 18. Reflections, Frank Fenner. 330 $aJudging by the numbers of newspaper reviews, biographies (including autobiographies) are amongst the most common literary works published these days. However, it is uncommon to find one book that combines a biography and an autobiography, as this book, Nature, Nurture and Chance: The Lives of Frank and Charles Fenner, does. As the author, Frank Fenner, sees it, 'nature' means the combination of genes that we inherit from our parents; 'nurture' means the way that our physical and social environment, especially during childhood, influence our mental and emotional characteristics; and chance is defined as 'the way things fall out'. These three elements define the careers of all human beings. The author uses them to compare his father's life and his own. 606 $aMicrobiologists$zAustralia$vBiography 606 $aVirologists$zAustralia$xBiography 606 $aGeographers$zAustralia$xBiography 606 $aEducators$zAustralia$vBiography 615 0$aMicrobiologists 615 0$aVirologists$xBiography. 615 0$aGeographers$xBiography. 615 0$aEducators 676 $a579.092 700 $aFenner$b Frank$f1914-2010,$0508071 801 0$bMiAaPQ 801 1$bMiAaPQ 801 2$bMiAaPQ 801 2$bAuAdUSA 801 2$bUkMaJRU 906 $aBOOK 912 $a996217041403316 996 $aNature, Nurture and Chance$91803498 997 $aUNISA LEADER 01210nam 2200361 450 001 9910132636703321 005 20240206120047.0 010 $a1-4123-6157-5 035 $a(CKB)3680000000165325 035 $a(NjHacI)993680000000165325 035 $a(EXLCZ)993680000000165325 100 $a20240206d2007 uy 0 101 0 $afre 135 $aur||||||||||| 181 $ctxt$2rdacontent 182 $cc$2rdamedia 183 $acr$2rdacarrier 200 13$aLe Conseil supe?rieur de l'e?ducation $ele projet initial du rapport Parent et sa mise en oeuvre depuis 1964 /$fCe?line Saint-Pierre 210 1$a[Place of publication not identified] :$cJ.-M. Tremblay,$d2007. 215 $a1 online resource 225 1 $aClassiques des sciences sociales ;$v3080 410 0$aClassiques des sciences sociales ;$v3080. 517 $aLe Conseil supérieur de l'éducation 606 $aHigher education and state 615 0$aHigher education and state. 676 $a379 700 $aSaint-Pierre$b Ce?line$01278763 801 0$bNjHacI 801 1$bNjHacl 906 $aBOOK 912 $a9910132636703321 996 $aLe Conseil supe?rieur de l'e?ducation$93907689 997 $aUNINA